000 00675nam a2200217 i 4500
001 57649
003 ES-MaACL
005 20250921063025.0
007 t|
008 031017s1909 sp ||||1| spa d
100 1 _aDoyle, Arthur Conan,
_cSir,
_d1859-1930
_945552
245 1 0 _aWaters Smith
_b: (memorias de un detective) /
_cC. Doyle ; versión por Emiliano Alambert.
260 _aBarcelona :
_bFeliu y Susana,
_c1909.
300 _a136 p. ;
_c21 cm.
490 1 _aBiblioteca Orbi
505 8 _aContiene: T. I
700 1 _aAlambert, Emiliano.
_919096
830 0 _aBiblioteca Orbi
_9183608
852 _aES-MaACL
_jFol-Laf-228
999 _c57649
_d57649